| 000 | 01407cam a2200349 a 4500 | ||
|---|---|---|---|
| 001 | 4908136 | ||
| 003 | ARRUPE | ||
| 005 | 20150511143240.0 | ||
| 008 | 941020s1996 dcu b 001 0 eng | ||
| 010 | _a 94040762 | ||
| 020 | _a1565180712 (hard) | ||
| 020 | _a1565180720 (pbk.) | ||
| 040 |
_aDLC _cDLC _dDLC |
||
| 043 | _af-nr--- | ||
| 050 | 0 | 0 |
_aB5619.N63 _bI34 1995 |
| 082 | 0 | 0 |
_a199/.669 _220 |
| 100 |
_aOkere, Theophilus. _917749 |
||
| 245 | 0 | 0 |
_aIdentity and change : _bNigerian philosophical studies, I / _cedited by Theophilus Okere. |
| 260 |
_aWashington, D.C. : _bCouncil for Research in Values and Philosophy, _cc1996. |
||
| 300 |
_ax, 221 p. ; _c23 cm. |
||
| 440 | 0 |
_aCultural heritage and contemporary change. _nSeries II, _pAfrica ; _vv. 3 _917750 |
|
| 500 | _a"Published with the support of CIPSH/UNESCO by Paideia Publishers." | ||
| 504 | _aIncludes bibliographical references and index. | ||
| 650 | 0 |
_aPhilosophy, Nigerian. _917751 |
|
| 650 | 0 |
_aIdentity (Psychology) _zNigeria. _917752 |
|
| 650 | 0 |
_aNational characteristics, Nigerian. _917753 |
|
| 650 | 0 |
_aChristianity and culture _zNigeria. _917754 |
|
| 700 | 1 |
_aOkere, Theophilus. _917755 |
|
| 906 |
_a7 _bcbc _corignew _d1 _eocip _f19 _gy-gencatlg |
||
| 942 |
_2lcc _cMONOGRAPH |
||
| 999 |
_c122823 _d122823 |
||